A semiotic perspective of text : the picture story book event (Record no. 76782)

MARC details
000 -CABECERA
campo de control de longitud fija 00625nam a2200229 a 4500
005 - FECHA Y HORA DE LA ÚLTIMA TRANSACCIÓN
campo de control 20210219153433.0
008 - ELEMENTOS DE LONGITUD FIJA--INFORMACIÓN GENERAL
campo de control de longitud fija 991125n 000 0 u
035 ## - NÚMERO DE CONTROL DEL SISTEMA
Número de control de sistema UPN01000099357
100 ## - ASIENTO PRINCIPAL--NOMBRE PERSONAL
Nombre de persona Golden, Joanne M.
222 ## - TÍTULO CLAVE
Título clave JOURNAL OF READING BEHAVIOR
245 ## - MENCIÓN DE TÍTULO
Título A semiotic perspective of text : the picture story book event
300 ## - DESCRIPCIÓN FÍSICA
Extensión 203-220
362 ## - FECHAS DE PUBLICACIÓN Y/O DESIGNACIÓN SECUENCIAL
Fecha de publicación y/o designación secuencial 22, No. 3, 1990
505 ## - NOTA DE CONTENIDO CON FORMATO PREESTABLECIDO
Nota de contenido con formato Enero 1991
653 0# - TERMINO DE INDIZACION - NO CONTROLADO
Término no controlado LIBROS DE PINTURAS
653 0# - TERMINO DE INDIZACION - NO CONTROLADO
Término no controlado LITERATURA INFANTIL
653 0# - TERMINO DE INDIZACION - NO CONTROLADO
Término no controlado RELACION LECTOR-TEXTO
653 0# - TERMINO DE INDIZACION - NO CONTROLADO
Término no controlado SEMIOTICA
700 ## - ASIENTO SECUNDARIO--NOMBRE DE PERSONAL
Nombre de persona Gerber, Annyce
904 ## - ELEMENTOS DE DATOS D LOCAL, LDD (RLIN)
a AC
b 037168
905 ## - TIPO DE MATERIAL
Tipo de material Articulo

No items available.